[Event "C.to Italiano U14"]
[Site "San Nicola Arcella ITA"]
[Date "2004.07.09"]
[Round "8"]
[White "Tarquinio, Adriano"]
[Black "Ravagnati, Marco"]
[Result "1/2-1/2"]
[WhiteElo "1505"]
[BlackElo "1517"]
[PlyCount "77"]
[EventDate "2004.07.04"]

1. e4 c5 2. Nf3 Nc6 3. d4 cxd4 4. Nxd4 e6 5. Nc3 a6 6. Nf3 Bc5 7. a3 d6 8. Bg5
Qb6 9. Bh4 Nf6 10. b4 Bd4 11. Na4 Qa7 12. c3 b5 13. cxd4 bxa4 14. Bxf6 gxf6 15.
Qxa4 Bd7 16. Qd1 Ne7 17. Be2 Bc6 18. Bd3 Qb7 19. Qb1 Rg8 20. Rg1 f5 21. Nd2 h5
22. Nc4 Rd8 23. Na5 Qa8 24. Nxc6 Nxc6 25. Qb2 fxe4 26. Bxe4 d5 27. Bf3 Qb8 28.
g3 h4 29. Rc1 Qb6 30. Rc5 Na7 31. Kd2 Nb5 32. Re1 Kf8 33. a4 Nd6 34. Qb3 Nc4+
35. Kd1 hxg3 36. hxg3 Rh8 37. Be2 Nd6 38. Bf3 Nc4 39. Be2 1/2-1/2

[Event "XII Festival Ducale A"]
[Site "Genova ITA"]
[Date "2004.07.04"]
[Round "1"]
[White "Brancaleoni, Maurizio"]
[Black "Virgilio, Gianluca"]
[Result "1/2-1/2"]
[WhiteElo "2298"]
[BlackElo "1883"]
[PlyCount "39"]
[EventDate "2004.07.04"]

1. Nf3 Nf6 2. c4 g6 3. Nc3 d5 4. Qa4+ c6 5. cxd5 Nxd5 6. Qd4 Nf6 7. Qxd8+ Kxd8
8. e3 Bg7 9. Bc4 e6 10. Ng5 Ke7 11. d4 b6 12. b3 Rd8 13. Ba3+ Ke8 14. Nce4 h6
15. Nxf6+ Bxf6 16. Ne4 Be7 17. Bxe7 Kxe7 18. Be2 Bb7 19. Bf3 Na6 20. a3 1/2-1/2

[Event "XII Festival Ducale A"]
[Site "Genova ITA"]
[Date "2004.07.04"]
[Round "1"]
[White "Broomfield, Matthew P."]
[Black "Masotti, Roberto"]
[Result "1-0"]
[WhiteElo "2273"]
[BlackElo "1874"]
[PlyCount "73"]
[EventDate "2004.07.04"]

1. d4 Nf6 2. c4 g6 3. Nc3 Bg7 4. e4 d6 5. Nf3 O-O 6. Be2 e5 7. Be3 Ng4 8. Bg5
f6 9. Bh4 Nc6 10. d5 Ne7 11. Nd2 Nh6 12. f3 f5 13. b4 Nf7 14. O-O g5 15. Bf2 f4
16. c5 h5 17. Nc4 Kh8 18. cxd6 Nxd6 19. a4 Ng6 20. Nxd6 cxd6 21. Nb5 a6 22. Na7
Bd7 23. b5 axb5 24. axb5 Qb8 25. b6 Ne7 26. Rc1 Nc8 27. Qb3 Bf6 28. Nc6 Bxc6
29. dxc6 Ne7 30. c7 Qc8 31. Rfd1 g4 32. Rxd6 gxf3 33. Qxf3 Qg4 34. Qxg4 hxg4
35. Bxg4 Nc8 36. Rd3 Ra4 37. Rcd1 1-0

[Event "XII Festival Ducale A"]
[Site "Genova ITA"]
[Date "2004.07.04"]
[Round "1"]
[White "Catalini, Giampiero"]
[Black "Rozentalis, Eduardas"]
[Result "0-1"]
[WhiteElo "1950"]
[BlackElo "2619"]
[PlyCount "85"]
[EventDate "2004.07.04"]

1. d4 Nf6 2. Nf3 d5 3. Nbd2 Bf5 4. e3 e6 5. c4 c6 6. Qb3 Qb6 7. Qxb6 axb6 8. a3
Na6 9. Be2 Nb4 10. O-O Bd6 11. Ne5 Bxe5 12. dxe5 Nd7 13. Nf3 Be4 14. Bd2 Nd3
15. cxd5 exd5 16. Bc3 O-O 17. Bxd3 Bxd3 18. Rfd1 Be2 19. Rd2 Bxf3 20. gxf3 Rfe8
21. e4 Nxe5 22. Bxe5 Rxe5 23. Rad1 Rd8 24. Rd4 f5 25. Rb4 b5 26. a4 bxa4 27.
Rxb7 fxe4 28. fxe4 Rxe4 29. Rc7 Re6 30. Rd4 Rf8 31. Rg4 g6 32. Rh4 Rf7 33. Rc8+
Kg7 34. Rxa4 Re1+ 35. Kg2 Re2 36. Rxc6 Rfxf2+ 37. Kg3 Rxh2 38. Ra7+ Kh6 39.
Rcc7 Kg5 40. Rd7 Rhg2+ 41. Kf3 h6 42. Rxd5+ Kh4 43. Ra3 0-1

[Event "XII Festival Ducale A"]
[Site "Genova ITA"]
[Date "2004.07.04"]
[Round "1"]
[White "Cogliandro, Santo"]
[Black "De Vita, Igor"]
[Result "0-1"]
[WhiteElo "1781"]
[BlackElo "2156"]
[PlyCount "76"]
[EventDate "2004.07.04"]

1. b3 d6 2. Bb2 e5 3. e3 f5 4. d4 e4 5. d5 Nf6 6. Nh3 c6 7. Nf4 Be7 8. Be2 O-O
9. c4 Na6 10. O-O Nc7 11. Nc3 Bd7 12. Qd2 Qe8 13. Rfd1 c5 14. Nb5 Nxb5 15. cxb5
Bd8 16. Bc4 Bxb5 17. Ne6 Rf7 18. Ng5 Rc7 19. Qe2 a6 20. Ne6 Rcc8 21. a4 Bd7 22.
a5 Qe7 23. Ba3 Bxe6 24. dxe6 Bxa5 25. Bb2 Bc7 26. Bxf6 Qxf6 27. Bd5 Rab8 28.
Qh5 g6 29. Qh6 Kh8 30. Qf4 Kg7 31. h4 a5 32. g4 Qxh4 33. gxf5 Qxf4 34. exf4
gxf5 35. Kh2 Kf6 36. Rg1 Rg8 37. e7 Rg6 38. Rg5 Re8 0-1

[Event "XII Festival Ducale A"]
[Site "Genova ITA"]
[Date "2004.07.04"]
[Round "1"]
[White "Di Donato, Giovanni"]
[Black "Geenen, Marc"]
[Result "0-1"]
[WhiteElo "1889"]
[BlackElo "2312"]
[PlyCount "62"]
[EventDate "2004.07.04"]

1. e4 e5 2. Bc4 Nc6 3. Nf3 Bc5 4. d3 Nf6 5. Nc3 d6 6. Bg5 Na5 7. Nd5 Nxc4 8.
dxc4 Bxf2+ 9. Kxf2 Nxe4+ 10. Kf1 Nxg5 11. Nxg5 c6 12. Ne4 cxd5 13. Qxd5 O-O 14.
Qxd6 Bf5 15. Qxe5 Bxe4 16. Qxe4 Qf6+ 17. Kg1 Qb6+ 18. c5 Qxc5+ 19. Kf1 Rae8 20.
Qd3 Rd8 21. Qe2 Rd6 22. g3 Re6 23. Qd2 Rfe8 24. h4 Re3 25. Rh2 Rxg3 26. Rg2 Rh3
27. Qf2 Rh1+ 28. Rg1 Qc4+ 29. Kg2 Qd4 30. Qf3 Rh2+ 31. Kg3 Qxh4# 0-1

[Event "XII Festival Ducale A"]
[Site "Genova ITA"]
[Date "2004.07.04"]
[Round "1"]
[White "Godena, Michele"]
[Black "Del Nevo, Claudio"]
[Result "1-0"]
[WhiteElo "2545"]
[BlackElo "1941"]
[PlyCount "42"]
[EventDate "2004.07.04"]

1. e4 d6 2. d4 Nf6 3. Nc3 c6 4. Nf3 Bg4 5. h3 Bxf3 6. Qxf3 Nbd7 7. Be3 Qc7 8.
g4 g6 9. O-O-O Bg7 10. Qg2 O-O-O 11. f4 e5 12. Be2 a6 13. fxe5 dxe5 14. d5 Bf8
15. Rhf1 Be7 16. g5 Nh5 17. Rxf7 Bd6 18. dxc6 Qxc6 19. Bg4 Nf4 20. Qd2 Qc7 21.
Bxf4 exf4 1-0

[Event "XII Festival Ducale A"]
[Site "Genova ITA"]
[Date "2004.07.04"]
[Round "1"]
[White "Manca, Federico"]
[Black "Aghayev, Miragha"]
[Result "1-0"]
[WhiteElo "2366"]
[BlackElo "1897"]
[PlyCount "71"]
[EventDate "2004.07.04"]

1. e4 e5 2. Nf3 Nc6 3. Bb5 a6 4. Ba4 Nf6 5. O-O Be7 6. Re1 b5 7. Bb3 d6 8. c3
Na5 9. Bc2 c5 10. d3 O-O 11. Nbd2 Re8 12. Nf1 Bf8 13. h3 g6 14. Be3 Bg7 15. Qd2
Qc7 16. Bh6 Bb7 17. Ng3 Qe7 18. Bxg7 Kxg7 19. b4 Nc6 20. Bb3 a5 21. a3 axb4 22.
axb4 Rxa1 23. Rxa1 cxb4 24. cxb4 d5 25. Qg5 Kh8 26. exd5 Nxb4 27. d6 Qxd6 28.
Bxf7 Re7 29. Bxg6 hxg6 30. Nh4 Qc6 31. Rc1 Nc2 32. Rxc2 Qxc2 33. Nxg6+ Kg7 34.
Nxe5+ Kf8 35. Qxf6+ Ke8 36. Qh8# 1-0

[Event "XII Festival Ducale A"]
[Site "Genova ITA"]
[Date "2004.07.04"]
[Round "1"]
[White "Miladinovic, Igor"]
[Black "Diena, Giovanni"]
[Result "1-0"]
[WhiteElo "2630"]
[BlackElo "1971"]
[PlyCount "41"]
[EventDate "2004.07.04"]

1. d4 Nf6 2. Bg5 h6 3. Bxf6 exf6 4. e3 d5 5. c4 Bb4+ 6. Nc3 O-O 7. cxd5 Bxc3+
8. bxc3 Qxd5 9. Ne2 b6 10. Nf4 Qa5 11. Qd2 Bb7 12. Bd3 Nd7 13. O-O Rad8 14. Qb2
f5 15. Rfc1 Nf6 16. Qb4 Qxb4 17. cxb4 Be4 18. Bb5 Nd5 19. Nxd5 Rxd5 20. a4 Rc8
21. f3 1-0

[Event "XII Festival Ducale A"]
[Site "Genova ITA"]
[Date "2004.07.04"]
[Round "1"]
[White "Pedemonte, Claudio"]
[Black "Lazic, Miroljub"]
[Result "0-1"]
[WhiteElo "1936"]
[BlackElo "2471"]
[PlyCount "64"]
[EventDate "2004.07.04"]

1. c4 e5 2. g3 Nc6 3. Bg2 g6 4. e4 h5 5. h4 Bc5 6. Nf3 d6 7. b3 Bg4 8. Bb2 Nd4
9. Bxd4 Bxd4 10. Nc3 c6 11. Rc1 Qf6 12. b4 Ne7 13. b5 O-O 14. O-O Nc8 15. Qe2
Nb6 16. d3 Nd7 17. Na4 Rfe8 18. Rb1 Nf8 19. Rfc1 Ne6 20. c5 dxc5 21. bxc6 b6
22. Rb3 Rac8 23. Nxb6 axb6 24. Rxb6 c4 25. Ra6 Nc5 26. Ra3 cxd3 27. Qd1 Rxc6
28. Rc4 Bxf3 29. Bxf3 Rb6 30. Qc1 Qxf3 31. Rxd4 exd4 32. Qxc5 Rb1+ 0-1

[Event "XII Festival Ducale A"]
[Site "Genova ITA"]
[Date "2004.07.04"]
[Round "1"]
[White "Rivara, Massimo"]
[Black "Estremera Panos, Sergio"]
[Result "0-1"]
[WhiteElo "1890"]
[BlackElo "2341"]
[PlyCount "52"]
[EventDate "2004.07.04"]

1. e4 c5 2. Nf3 Nc6 3. d4 cxd4 4. Nxd4 Nf6 5. Nc3 d6 6. Be2 e5 7. Nb3 Be7 8.
O-O O-O 9. Be3 a5 10. a4 Nb4 11. Qd2 Be6 12. Bg5 Rc8 13. Bxf6 Bxf6 14. Bd3 Nxd3
15. Qxd3 Bc4 16. Qd2 Bg5 17. Qd1 Bxf1 18. Kxf1 f5 19. exf5 Rxf5 20. Qd5+ Kh8
21. Ne4 Be3 22. Kg1 Bb6 23. c3 Bxf2+ 24. Nxf2 Qb6 25. Nd4 Rxf2 26. Qe6 Rcf8 0-1

[Event "XII Festival Ducale A"]
[Site "Genova ITA"]
[Date "2004.07.04"]
[Round "1"]
[White "Sarno, Spartaco"]
[Black "Maiori, Nicola"]
[Result "1-0"]
[WhiteElo "2401"]
[BlackElo "1910"]
[PlyCount "61"]
[EventDate "2004.07.04"]

1. e4 c5 2. Nf3 Nc6 3. Bb5 e6 4. O-O Nf6 5. e5 Nd5 6. c3 Be7 7. d4 O-O 8. Qe2
cxd4 9. cxd4 Qb6 10. Rd1 a6 11. Bc4 d6 12. exd6 Bf6 13. Nc3 Nxc3 14. bxc3 Qa5
15. Bf4 Qxc3 16. Rac1 Qa5 17. d5 exd5 18. Rxd5 b5 19. Rc5 Bd7 20. Bd5 Rae8 21.
Qd3 Nb4 22. Qd2 Qa3 23. Bb3 Re4 24. Be5 Bxe5 25. Rxe5 Nd3 26. Rc3 Nxe5 27.
Bxf7+ Nxf7 28. Rxa3 Rfe8 29. h3 Re2 30. Qd3 R2e6 31. Rxa6 1-0

[Event "XII Festival Ducale A"]
[Site "Genova ITA"]
[Date "2004.07.04"]
[Round "1"]
[White "Squarci, Franco"]
[Black "Sedina, Elena"]
[Result "0-1"]
[WhiteElo "1907"]
[BlackElo "2396"]
[PlyCount "57"]
[EventDate "2004.07.04"]

1. Nf3 d5 2. d4 Nf6 3. Bg5 Ne4 4. Bf4 Bf5 5. Nbd2 c5 6. c3 Qb6 7. Qb3 e6 8.
Qxb6 axb6 9. Nxe4 Bxe4 10. e3 c4 11. Nd2 Bg6 12. g4 b5 13. h4 h5 14. g5 Nc6 15.
f3 b4 16. e4 b5 17. Bg2 bxc3 18. bxc3 Ba3 19. Rb1 b4 20. cxb4 Bxb4 21. O-O Rxa2
22. Rxb4 Nxb4 23. exd5 Nxd5 24. Bd6 Rxd2 25. Re1 Kd7 26. Be5 c3 27. Bf1 c2 28.
Bb5+ Ke7 29. Ra1 0-1

[Event "XII Festival Ducale A"]
[Site "Genova ITA"]
[Date "2004.07.05"]
[Round "2"]
[White "Bonade', Massimo"]
[Black "Sarno, Spartaco"]
[Result "0-1"]
[WhiteElo "2107"]
[BlackElo "2401"]
[PlyCount "72"]
[EventDate "2004.07.04"]

1. d4 Nf6 2. c4 g6 3. Nc3 Bg7 4. e4 d6 5. Nf3 O-O 6. Be2 e5 7. d5 a5 8. Bg5 h6
9. Bh4 Na6 10. Nd2 Qe8 11. O-O Bd7 12. b3 Nh7 13. a3 h5 14. f3 Bh6 15. Bf2 Qe7
16. Qc2 f5 17. Rab1 Nc5 18. b4 axb4 19. axb4 Na4 20. Nb3 Nxc3 21. Qxc3 fxe4 22.
fxe4 Nf6 23. Bf3 g5 24. g3 Bh3 25. Rfe1 Qf7 26. Qe3 Kg7 27. Qe2 Ng4 28. Bxg4
Bxg4 29. Qc2 Bh3 30. Re3 Qg6 31. c5 Rf7 32. cxd6 Raf8 33. Re2 cxd6 34. Nc1 Bg4
35. Rd2 Bf3 36. Ra1 g4 0-1

[Event "XII Festival Ducale A"]
[Site "Genova ITA"]
[Date "2004.07.05"]
[Round "2"]
[White "Calzetta Ruiz, Monica"]
[Black "Manfredi, Vincenzo"]
[Result "1-0"]
[WhiteElo "2289"]
[BlackElo "2063"]
[PlyCount "59"]
[EventDate "2004.07.04"]

1. e4 c5 2. Nf3 Nc6 3. d4 cxd4 4. Nxd4 Qb6 5. Nb3 Qc7 6. Bd3 e6 7. O-O Nf6 8.
Nc3 a6 9. f4 d6 10. Qf3 h5 11. Kh1 Be7 12. Bd2 b6 13. e5 Ng4 14. exd6 Qxd6 15.
Ne4 Qc7 16. Bc3 Kf8 17. Rad1 Bb7 18. Qh3 Rh6 19. Bd2 Rh8 20. Ng5 Kg8 21. Bc3
Bb4 22. f5 Bxc3 23. bxc3 exf5 24. Bxf5 Nce5 25. Nd4 Bd5 26. Qg3 h4 27. Qf4 h3
28. Nxh3 Rxh3 29. Bxg4 Nf3 30. Qxc7 1-0

[Event "XII Festival Ducale A"]
[Site "Genova ITA"]
[Date "2004.07.05"]
[Round "2"]
[White "Carzolio, Luigi"]
[Black "Broomfield, Matthew P."]
[Result "0-1"]
[WhiteElo "2052"]
[BlackElo "2273"]
[PlyCount "68"]
[EventDate "2004.07.04"]

1. Nf3 Nf6 2. c4 e6 3. g3 b6 4. Bg2 Bb7 5. O-O c5 6. d3 Be7 7. e4 O-O 8. Na3 d6
9. Nc2 a6 10. a3 b5 11. Nd2 Nc6 12. b4 Qb6 13. Rb1 d5 14. Bb2 dxc4 15. dxc4
Rfd8 16. bxc5 Qxc5 17. Qe2 Rab8 18. Rfc1 Ba8 19. cxb5 Qxb5 20. Qxb5 Rxb5 21.
Nc4 Na5 22. Nxa5 Rxa5 23. e5 Nd5 24. Ra1 Rb8 25. Bd4 g6 26. Rab1 Rd8 27. Rb3
Bc6 28. Bb6 Nxb6 29. Bxc6 Nc4 30. f4 Rc5 31. Bf3 Nd2 32. Re3 Nxf3+ 33. Rxf3
Rdc8 34. Rf2 Rc3 0-1

[Event "XII Festival Ducale A"]
[Site "Genova ITA"]
[Date "2004.07.05"]
[Round "2"]
[White "De Vita, Igor"]
[Black "Miladinovic, Igor"]
[Result "0-1"]
[WhiteElo "2156"]
[BlackElo "2630"]
[PlyCount "78"]
[EventDate "2004.07.04"]

1. d4 d5 2. c4 Nc6 3. Nf3 Bg4 4. Nc3 e6 5. Bg5 f6 6. cxd5 exd5 7. Bf4 Nge7 8.
e3 g5 9. Bg3 h5 10. h3 Be6 11. Nd2 Nf5 12. Bh2 Bd6 13. Bxd6 Qxd6 14. Nb3 Kf8
15. Be2 Bf7 16. Qd2 a5 17. Nb5 Qe7 18. Rc1 Nh4 19. Kf1 Kg7 20. Nc5 Nd8 21. Nxc7
Qxc7 22. Ne6+ Nxe6 23. Rxc7 Nxc7 24. g3 Ng6 25. Kg2 Ne7 26. Rc1 Nc6 27. Bd1 h4
28. Ba4 Be8 29. Rc5 hxg3 30. fxg3 Bd7 31. g4 Rh6 32. Qe1 f5 33. Qg3 f4 34. exf4
gxf4 35. Qa3 Re8 36. Bxc6 Bxc6 37. Qxa5 Ne6 38. Rc3 Rf6 39. Qb4 Ng5 0-1

[Event "XII Festival Ducale A"]
[Site "Genova ITA"]
[Date "2004.07.05"]
[Round "2"]
[White "Geenen, Marc"]
[Black "Barletta, Antonio"]
[Result "1-0"]
[WhiteElo "2312"]
[BlackElo "2066"]
[PlyCount "67"]
[EventDate "2004.07.04"]

1. e4 c5 2. Nf3 e6 3. d4 cxd4 4. Nxd4 a6 5. Bd3 Qc7 6. O-O Nf6 7. Qe2 d6 8. f4
Nc6 9. Nxc6 bxc6 10. e5 dxe5 11. fxe5 Nd7 12. Bf4 Bc5+ 13. Kh1 Bd4 14. Nd2 Bxe5
15. Qg4 Bxf4 16. Rxf4 g6 17. Rxf7 Kxf7 18. Rf1+ Nf6 19. Qg5 Ke8 20. Qxf6 Rg8
21. Ne4 Qe7 22. Qc3 Kd8 23. Qxc6 Ra7 24. Qb6+ Qc7 25. Qd4+ Qd7 26. Qe5 Qc7 27.
Nd6 Qe7 28. Bc4 Rf8 29. Rd1 Bd7 30. Qa5+ Rc7 31. Bxa6 Qf6 32. Nb7+ Kc8 33. Nc5+
Kd8 34. Nxd7 1-0

[Event "XII Festival Ducale A"]
[Site "Genova ITA"]
[Date "2004.07.05"]
[Round "2"]
[White "Gentile, Claudio"]
[Black "Godena, Michele"]
[Result "0-1"]
[WhiteElo "2137"]
[BlackElo "2545"]
[PlyCount "64"]
[EventDate "2004.07.04"]

1. c4 e5 2. Nc3 Bb4 3. Qb3 Nc6 4. e3 Bxc3 5. Qxc3 Nf6 6. d3 d5 7. Nf3 Qe7 8.
cxd5 Nxd5 9. Qb3 Qb4+ 10. Qxb4 Ndxb4 11. Kd2 Bf5 12. a3 Nxd3 13. Bxd3 O-O-O 14.
Nd4 Nxd4 15. Bxf5+ Nxf5+ 16. Ke2 Rd5 17. Bd2 Rhd8 18. Rhd1 Nh4 19. Bc3 Rxd1 20.
Rxd1 Rxd1 21. Kxd1 f6 22. Bb4 Kd7 23. Bf8 g6 24. g4 Nf3 25. h3 h5 26. gxh5 gxh5
27. Kc2 Ng5 28. h4 Nh3 29. f3 Ng1 30. f4 exf4 31. exf4 Nf3 32. Kd3 Nxh4 0-1

[Event "XII Festival Ducale A"]
[Site "Genova ITA"]
[Date "2004.07.05"]
[Round "2"]
[White "Lazic, Miroljub"]
[Black "Astengo, Corrado"]
[Result "1-0"]
[WhiteElo "2471"]
[BlackElo "2161"]
[PlyCount "159"]
[EventDate "2004.07.04"]

1. c4 c6 2. d4 d5 3. e3 Nf6 4. Nf3 a6 5. b3 Bg4 6. Bd3 e6 7. Nbd2 b5 8. Qc2
Bxf3 9. Nxf3 Bb4+ 10. Ke2 Nbd7 11. Bb2 Rc8 12. c5 Ba5 13. Ne5 Nxe5 14. dxe5 Nd7
15. f4 Qe7 16. Bd4 Bb4 17. a4 Nxc5 18. Bxc5 Bxc5 19. axb5 axb5 20. Ra6 Qb7 21.
Rha1 Bb6 22. Kf3 g6 23. Bxb5 O-O 24. Bd3 c5 25. Qa2 c4 26. bxc4 dxc4+ 27. Be4
Qc7 28. Qb2 Rb8 29. Qc3 Qc5 30. R6a4 Rbc8 31. Rc1 Rfd8 32. Rxc4 Qxc4 33. Qxc4
Rxc4 34. Rxc4 Rd1 35. Rc6 Ba7 36. Rc7 Ra1 37. Bc6 Rc1 38. Rxa7 Rxc6 39. Ra3 Rc1
40. e4 Rf1+ 41. Kg4 Re1 42. Ra4 Re2 43. Kf3 Rb2 44. f5 exf5 45. exf5 gxf5 46.
Rf4 Rb3+ 47. Kf2 Kg7 48. Rxf5 h6 49. g4 Ra3 50. Rf3 Ra4 51. Kg3 Re4 52. Rf5 Ra4
53. Kh4 Ra2 54. h3 Ra3 55. g5 hxg5+ 56. Rxg5+ Kh6 57. Rf5 Ra4+ 58. Kg3 Kg7 59.
h4 Re4 60. h5 Kh6 61. Kf3 Re1 62. Kf4 Rh1 63. Ke4 Kg7 64. Kd5 Ra1 65. h6+ Kxh6
66. Rxf7 Kg6 67. Rf6+ Kg7 68. Rd6 Kf7 69. Rd7+ Ke8 70. Ke6 Ra6+ 71. Rd6 Ra7 72.
Rb6 Re7+ 73. Kd5 Ra7 74. Rh6 Ra5+ 75. Ke4 Ke7 76. Kf5 Ra1 77. Rh7+ Ke8 78. Kf6
Rf1+ 79. Ke6 Rf8 80. Ra7 1-0

[Event "XII Festival Ducale A"]
[Site "Genova ITA"]
[Date "2004.07.05"]
[Round "2"]
[White "Rodriguez Alvarez, Alan"]
[Black "Manca, Federico"]
[Result "1/2-1/2"]
[WhiteElo "2071"]
[BlackElo "2366"]
[PlyCount "123"]
[EventDate "2004.07.04"]

1. e4 c5 2. Nf3 d6 3. d4 cxd4 4. Nxd4 Nf6 5. Nc3 e6 6. g4 Nc6 7. Bb5 Qc7 8. g5
Nd7 9. f4 a6 10. Ba4 b5 11. Bb3 Nc5 12. Be3 Bb7 13. Qe2 b4 14. Na4 Nxd4 15.
Bxd4 Nxb3 16. axb3 e5 17. fxe5 dxe5 18. Bb6 Qc6 19. O-O-O Be7 20. Qg4 Rc8 21.
Rd2 O-O 22. Re1 Qg6 23. h4 Bc6 24. Bc5 Bxc5 25. Nxc5 Bb5 26. Nb7 Rc6 27. Nd8
Rc7 28. h5 Qb6 29. g6 fxg6 30. Qe6+ Qxe6 31. Nxe6 Rc6 32. Nxf8 Kxf8 33. Rd5
gxh5 34. Rxe5 g6 35. Kd2 Kf7 36. c4 bxc3+ 37. bxc3 Rf6 38. Ke3 h4 39. Rh1 h5
40. Rxh4 Kg7 41. c4 Bc6 42. Rf4 Rd6 43. Re7+ Kh6 44. e5 Rd1 45. Rf6 Bh1 46.
Ree6 Rg1 47. c5 h4 48. c6 h3 49. c7 Bb7 50. Rf3 Kg5 51. Rc6 h2 52. Rh3 h1=Q 53.
Rxh1 Rxh1 54. c8=Q Bxc8 55. Rxc8 Kf5 56. Rc6 g5 57. Rxa6 Re1+ 58. Kd4 Re4+ 59.
Kc5 Rxe5+ 60. Kc4 g4 61. b4 g3 62. Ra1 1/2-1/2

[Event "XII Festival Ducale A"]
[Site "Genova ITA"]
[Date "2004.07.05"]
[Round "2"]
[White "Rozentalis, Eduardas"]
[Black "Schmitz, Andreas Arnold"]
[Result "1-0"]
[WhiteElo "2619"]
[BlackElo "2243"]
[PlyCount "113"]
[EventDate "2004.07.04"]

1. e4 e6 2. d4 d5 3. Nd2 Nf6 4. e5 Nfd7 5. Bd3 c5 6. c3 Nc6 7. Ne2 cxd4 8. cxd4
Qb6 9. Nf3 Bb4+ 10. Bd2 Bxd2+ 11. Qxd2 Qb4 12. a3 Qxd2+ 13. Nxd2 Nb6 14. f4 O-O
15. O-O f6 16. exf6 gxf6 17. b4 Bd7 18. Nb3 e5 19. b5 e4 20. Bb1 Ne7 21. Nc3 a6
22. bxa6 bxa6 23. Ba2 Bb5 24. Rfe1 Bc4 25. Nc5 Bxa2 26. Rxa2 Nf5 27. Rb1 Nc4
28. Nxd5 Rad8 29. Nc3 Nxd4 30. N3xe4 f5 31. Ng3 Nb5 32. Rc1 Rd5 33. Nxa6 Ncxa3
34. Re2 Nd4 35. Re7 Nac2 36. Rb1 Rd6 37. Nc5 Nc6 38. Rc7 N6b4 39. Rd7 Rxd7 40.
Nxd7 Rd8 41. Ne5 Rd4 42. Nh5 Ne3 43. Kf2 Nd1+ 44. Kf3 Kf8 45. Ng3 Nc3 46. Ra1
Nba2 47. Nxf5 Rd1 48. Rxd1 Nxd1 49. Nd6 Ndc3 50. f5 Ke7 51. Ne4 Nxe4 52. Kxe4
Nc3+ 53. Kf4 Nd5+ 54. Kg5 h6+ 55. Kg6 Nf4+ 56. Kg7 Kd6 57. Ng6 1-0

[Event "XII Festival Ducale A"]
[Site "Genova ITA"]
[Date "2004.07.05"]
[Round "2"]
[White "Schmitz, Manuela"]
[Black "Di Paolo, Raffaele"]
[Result "0-1"]
[WhiteElo "2060"]
[BlackElo "2321"]
[PlyCount "50"]
[EventDate "2004.07.04"]

1. d4 Nf6 2. c4 g6 3. Nc3 Bg7 4. e4 d6 5. Nf3 O-O 6. Be2 e5 7. Be3 Na6 8. O-O
c6 9. a3 exd4 10. Nxd4 Re8 11. f3 d5 12. cxd5 Nxd5 13. Nxd5 cxd5 14. Bxa6 bxa6
15. Qb3 dxe4 16. Rad1 Qb6 17. Qa4 Be6 18. Nf5 Bb3 19. Qd7 Qa5 20. Nxg7 Red8 21.
Qc6 Bxd1 22. Ne6 Ba4 23. Qc4 Bb5 24. Qxe4 Bxf1 25. b4 Qd5 0-1

[Event "XII Festival Ducale A"]
[Site "Genova ITA"]
[Date "2004.07.05"]
[Round "2"]
[White "Sedina, Elena"]
[Black "Durdevic, Radoslav"]
[Result "1-0"]
[WhiteElo "2396"]
[BlackElo "2144"]
[PlyCount "69"]
[EventDate "2004.07.04"]

1. e4 c5 2. Nf3 d6 3. c3 Nf6 4. Be2 Nc6 5. d4 cxd4 6. cxd4 e6 7. Nc3 Be7 8. O-O
O-O 9. Re1 a6 10. d5 Nb8 11. dxe6 Bxe6 12. Nd4 Bd7 13. Bf4 Nc6 14. Nxc6 Bxc6
15. Bf3 Ne8 16. Qd2 Rc8 17. Rac1 h6 18. Nd5 Bf6 19. Nxf6+ Qxf6 20. Rcd1 Qe6 21.
b3 Rd8 22. Qb4 Qg6 23. h3 Qf6 24. e5 dxe5 25. Bxe5 Rxd1 26. Bxf6 Rxe1+ 27. Qxe1
Nxf6 28. Bxc6 bxc6 29. Qa5 Re8 30. Qxa6 Re1+ 31. Kh2 Rc1 32. a4 g6 33. a5 Rc2
34. Qc8+ Kg7 35. a6 1-0

[Event "XII Festival Ducale A"]
[Site "Genova ITA"]
[Date "2004.07.06"]
[Round "3"]
[White "Astengo, Corrado"]
[Black "Maiori, Nicola"]
[Result "1-0"]
[WhiteElo "2161"]
[BlackElo "1910"]
[PlyCount "73"]
[EventDate "2004.07.04"]

1. e4 c5 2. Nf3 Nc6 3. d4 cxd4 4. Nxd4 Nxd4 5. Qxd4 e6 6. Bd3 Nf6 7. Nc3 Qa5 8.
Bd2 Bc5 9. Qc4 Qb4 10. a3 Qxc4 11. Bxc4 O-O 12. f3 Bd4 13. O-O-O a6 14. g4 b5
15. Bb3 Bc5 16. e5 Ne8 17. Ne4 Be7 18. Be3 a5 19. Bc5 Bxc5 20. Nxc5 Ra7 21. Rd4
Rc7 22. Ne4 Bb7 23. Rhd1 Bc6 24. g5 g6 25. R1d3 Kg7 26. Nc5 Bd5 27. Na6 Ra7 28.
Bxd5 Rxa6 29. Be4 h6 30. gxh6+ Kxh6 31. Rxd7 f5 32. Bb7 Rb6 33. Re7 Ng7 34. Rd6
Rxd6 35. exd6 Rd8 36. d7 Nh5 37. Bc6 1-0

[Event "XII Festival Ducale A"]
[Site "Genova ITA"]
[Date "2004.07.06"]
[Round "3"]
[White "Brancaleoni, Maurizio"]
[Black "Rodriguez Alvarez, Alan"]
[Result "1-0"]
[WhiteElo "2298"]
[BlackElo "2071"]
[PlyCount "118"]
[EventDate "2004.07.04"]

1. Nf3 Nf6 2. c4 c5 3. g3 g6 4. Bg2 Bg7 5. O-O O-O 6. d4 d6 7. Nc3 cxd4 8. Nxd4
Nbd7 9. b3 d5 10. cxd5 Nb6 11. e4 Bg4 12. f3 Nfxd5 13. exd5 Nxd5 14. Nxd5 Qxd5
15. Be3 Qe5 16. Bf2 Bd7 17. f4 Qa5 18. a3 Rad8 19. Qe1 Qa6 20. Qb4 Bg4 21. h3
Qd3 22. hxg4 Bxd4 23. Bxd4 Rxd4 24. Rf3 Qe4 25. Qe1 Qd5 26. Rd3 Qc5 27. Qe3
Rfd8 28. Rad1 Rxd3 29. Rxd3 Qc7 30. Rxd8+ Qxd8 31. Qxa7 Qd1+ 32. Kh2 Qxb3 33.
Qb8+ Kg7 34. Qe5+ Kg8 35. Qxe7 b6 36. g5 Kg7 37. Qb4 Qe3 38. Qd6 Qb3 39. Qe5+
Kg8 40. Qe8+ Kg7 41. Qe5+ Kg8 42. Bd5 Qc2+ 43. Kh3 Qc8+ 44. Kh4 Qd7 45. Bb3 Qb7
46. Qd5 Qe7 47. Kh3 Qc7 48. Kg2 Qe7 49. Kf3 Qe8 50. Qb7 b5 51. Bd5 Kg7 52.
Qxf7+ Qxf7 53. Bxf7 Kxf7 54. Ke4 Ke6 55. g4 Kd6 56. Kd4 Kc6 57. f5 Kd6 58. f6
Ke6 59. Kc5 h6 1-0

[Event "XII Festival Ducale A"]
[Site "Genova ITA"]
[Date "2004.07.06"]
[Round "3"]
[White "Broomfield, Matthew P."]
[Black "Lazic, Miroljub"]
[Result "0-1"]
[WhiteElo "2273"]
[BlackElo "2471"]
[PlyCount "45"]
[EventDate "2004.07.04"]

1. d4 d5 2. c4 c6 3. Nf3 Nf6 4. e3 e6 5. Bd3 Nbd7 6. b3 Bd6 7. Bb2 b6 8. O-O
Bb7 9. Nbd2 O-O 10. e4 dxe4 11. Nxe4 Nxe4 12. Bxe4 Nf6 13. Bc2 c5 14. dxc5 Bxc5
15. Qe2 Qe7 16. Rad1 Rfd8 17. Rd3 Rxd3 18. Bxd3 Rd8 19. Rd1 Ng4 20. Bd4 Bxf3
21. gxf3 Rxd4 22. fxg4 Rf4 23. Rf1 0-1

[Event "XII Festival Ducale A"]
[Site "Genova ITA"]
[Date "2004.07.06"]
[Round "3"]
[White "Di Paolo, Raffaele"]
[Black "Rozentalis, Eduardas"]
[Result "1/2-1/2"]
[WhiteElo "2321"]
[BlackElo "2619"]
[PlyCount "116"]
[EventDate "2004.07.04"]

1. e4 e6 2. d4 d5 3. Nc3 Nc6 4. e5 Nge7 5. Nf3 Nf5 6. Bb5 Bd7 7. O-O Be7 8. g4
Nh4 9. Nxh4 Bxh4 10. f4 h6 11. Be3 Qe7 12. Qd2 O-O-O 13. Be2 f6 14. exf6 gxf6
15. Bf3 h5 16. gxh5 Be8 17. Qe2 f5 18. Kh1 Bf6 19. Rad1 Rh6 20. Na4 Qh7 21. Nc5
Be7 22. Bg1 Bxc5 23. dxc5 Kb8 24. b4 a6 25. a4 Na7 26. c6 Nxc6 27. b5 Na5 28.
bxa6 b6 29. c4 Bxh5 30. Bxh5 Rxh5 31. c5 Nc4 32. Qxc4 dxc4 33. Rxd8+ Ka7 34.
cxb6+ cxb6 35. Rfd1 Kxa6 36. R1d7 Qxd7 37. Rxd7 Rh4 38. Rd6 Rxf4 39. Rxb6+ Ka5
40. Rxe6 Kxa4 41. Be3 Rh4 42. Kg2 c3 43. Kg3 Rg4+ 44. Kf3 c2 45. Rc6 Kb3 46. h3
Rh4 47. Kg3 Re4 48. Bf4 Re1 49. h4 Rg1+ 50. Kf2 Rh1 51. Kg3 Rg1+ 52. Kf2 Rh1
53. Bg5 f4 54. Bxf4 Rxh4 55. Bc1 Rh1 56. Be3 Kb2 57. Bd4+ Kb1 58. Rb6+ Ka2
1/2-1/2